Statistiken für Die 10 schnellsten Achterbahnen Deutschlands

Klicken Sie hier um das Quiz zu spielen!

Allgemein

  • Dieses Quiz wurde 72 mal gespielt
  • Das Durchschnittsergebnis liegt bei 8 aus 16

Antwortstatistiken

PlatzAntwortGeschwindigkeit in km/h% Korrekt
1Silver Star127,1
83%
9Blue fire Megacoaster99,8
73%
3Taron117,5
68%
6Krake103,0
59%
4Colossos - Kampf der Giganten110,1
57%
1Der Schwur des Kärnan127,1
54%
7Desert Race102,0
51%
8Wodan - Timburcoaster99,9
51%
9Flug der Dämonen99,8
46%
9Flucht von Novgorod99,8
38%
10Karacho90,1
37%
10Star Trek: Operation Enterprise90,1
37%
2Expedition GeForce120,1
33%
5Sky Wheel105,0
33%
9Dynamite99,8
24%
9Sky Scream99,8
24%

Verteilung der Resultate

Perzentil nach korrekt beantworteten Fragen

Anzahl Personen mit jedem Resultat

Ihre Resultats-Entwicklung

Sie haben dieses Quiz noch nicht gespielt